Histoire de la conquête spatiale - Statistiques

Statistiques générales
  • Ce quiz a été pris 1 248 fois
  • Le résultat moyen est 12 sur 20
Statistiques - réponses
Indice Réponse % Correct
Premier être humain à avoir marché sur la Lune Neil Armstrong
93%
Nom du programme américain visant à envoyer un homme sur la Lune Apollo
89%
Premier satellite artificiel de la Terre Spoutnik 1
88%
Premier être humain à avoir effectué un vol dans l'espace Youri Gagarine
86%
Version soviétique du mot astronaute Cosmonaute
80%
Premier être vivant mis en orbite autour de la Terre (nom) Laïka
71%
Société privée qui envoie en orbite des équipages entièrement composésde touristes depuis 2020 SpaceX
66%
Ville accueillant le centre de contrôle de mission de la NASA Houston
63%
La SSI, lancée en 1998, est le plus grand objet artificiel en orbite terrestre. Que signifie ce sigle ? Station Spatiale Internationale
63%
Nom du programme de lanceurs européens, initié en 1973 Ariane
59%
Télescope spatial mis en service en 1990 Hubble
56%
Commune française accueillant la principale base de lancement européenne Kourou / Sinnamary
55%
Version chinoise du mot astronaute Taïkonaute
49%
Missiles développés par l'Allemagne nazie, qui servirent de base à laconception des lanceurs modernes V2
48%
Station spatiale russe, en 3 lettres, mise en orbite en 1986 Mir
44%
Nom du programme spatial soviétique, puis russe, et des lanceurs associés Soyouz
38%
Navette américaine qui explosa en vol en 1986 Challenger
37%
Principale base de lancement de l'ère soviétique Cosmodrome de Baïkonour
37%
Télescope spatial infrarouge lancé en 2021, poursuivant les études duprécédent James Webb
35%
Complexe de lancement spatial de la NASA Centre spatial {Kennedy}
29%
Aucun quiz correspondant
Distribution des résultats
% des personnes avec chaque résultat
Percentile par nombre de réponses
Votre historique - résultats
Vous n’avez pas pris ce quiz